000 02473nam a22003857a 4500
001 42835
003 gtgccic
005 20260227123102.0
007 ta
008 260227b gt ||||| |||| 00| 0 spa d
040 _agtgccic
_bspa
_cgtgccic
_erda
084 _0TPI-17-0134
100 1 0 _aAura Luz Cifuentes Reyes
_dIngeniera en Ciencias y Sistemas
_eautor
245 1 0 _aDiseño e implementación de una plataforma WEB inteligente
_bque diagnostica enfermedades eficientemente /
_cCifuentes Reyes, Aura Luz
264 1 _aGuatemala :
_bUSAC, Facultad de Ingeniería ;
_c2017.-
300 _a135 p. :
_bil. ;
_c28 cm
336 _2rdacontenido
_aTexto
_btxt
337 _2rdamedio
_asin mediación
_bn
338 _2rdasoporte
_avolumen
_bnc
502 _aTesis Postgrado
_bMAESTRA EN ARTES TECNOLOGÍAS DE LA INFORMACIÓN Y COMUNICACIÓN
_cUSAC, Facultad de Ingeniería, Escuela de Postgrado
_d2017
_oTPI-17-0134
504 _aBibliografía pag. 121
505 _t1. ANTECEDENTES
505 _t2. JUSTIFICACIÓN
505 _t3. ALCANCES INVESTIGATIVOS
505 _t4. MARCO TEÓRICO inteligencia artificial
505 _t5. MARCO METODOLÓGICO
505 _t6. PRESENTACIÓN DE RESULTADOS Análisis y diseño prototipo de una plataforma WEB
505 _t7. DISCUSIÓN DE RESULTADOS
520 _aMuchos usuarios al tener síntomas de alguna enfermedad, buscan en internet, provocando que se subestime o sobevalore el síntoma, a este proceso se le llama autodiagnóstico, para obtener un diagnóstico certero se necesita la opinión de un especialista en salud. Por ello, la utilización de un sistema experto que diagnostique enfermedades, logrando capturar el conocimientode un experto, a partir de la definición de reglas médicas. Esta competencia es empleada en un algoritmo de predicción para guiar al usuario a partir de la plataforma, teniendo acceso al sistema experto y obteniendo su perfil de estado de salud. Para lograr un eficiente diagnóstico de enfermedades, por medio de la plataforma, se incluyeron formularios que permiten actualizar la base de conocimiento que se transfiere del experto al sistema, para ello se usa el subsistema de adquisición de conocimiento que admite la definición de reglas con componentes de razonamiento que llevan a un diagnóstico.
650 _aATENCIÓN PRIMARIA DE LA SALUD
650 _aSITIOS WEB
700 _aIng. Msc. Edwin Estuardo Zapeta Gómez
_easesor
942 _2ddc
_cTPS
945 _aamlo
999 _c2690
_d2690